| 000 | 01026nam a2200205 a 4500 | ||
|---|---|---|---|
| 008 | 120416s1971 ||||||||||||||||| || u | ||
| 050 | _aNA 9031 Whi | ||
| 100 | _aWhite, Brenda | ||
| 245 | 1 | 0 | _aSourcebook of planning information |
| 246 | _aa discussion of sources of information for use in urban and regional planning, and in allied fields | ||
| 260 |
_aLondon _bBingley _c1971 |
||
| 300 | _a632p. : ill. | ||
| 350 | _a0.00 | ||
| 650 | _aURBAN AND REGIONAL PLANNING | ||
| 650 | _aPLANNING | ||
| 650 | _aPLANNING INFORMATION | ||
| 995 |
_aANNEX COLLECTION (Main Library) _D0.00 _e137968 _FCBU-MAIN LIBRARY (Kitwe) _H2 _I0.00 _jNA 9031 Whi _M3 _UAVAILABLE _WJul 18, 2006 _y010646 _ZAnnex Low-Usage Collection |
||
| 995 |
_aANNEX COLLECTION (Main Library) _D0.00 _e708887 _FCBU-MAIN LIBRARY (Kitwe) _H1 _I19.50 _jNA 9031 WHI _M1 _UAVAILABLE _y008862 _ZAnnex Low-Usage Collection |
||
| 995 |
_aMAIN LIBRARY OPEN ACCESS _D0.00 _e702997 _FCBU-MAIN LIBRARY (Kitwe) _H1 _I0.00 _jNA 9031 Whi _M2 _UAVAILABLE _y010647 _ZMain Library Open Access Collection |
||
| 999 |
_c76670 _d76670 |
||